00421 2200157 4500001002100000005001500021035002000036245007200056100001900128300002600147260003400173082000800207084001400215020002200229990001200251INLIS00000000000184120250508012941 a0010-05250001331 aBelajar Total ! :bWindows 7 Ms.Word dan Ms.Excel /cFathya Kautsar0 aFathya Kautsar a120 hlm ;c11 x 18 cm aYogyakarta :bMediakom,c2013 a600 a600 FAT b a978-979-877-308-2 a0754763